Построение и чтение машиностроительных чертежей: учебник

Bibliographic Details
Main Author: Бабулин Н. А. Николай Алексеевич
Language:Russian
Published: Москва, Высшая школа, 1997
Edition:9-е изд., перераб.
Subjects:
Format: Book
KOHA link:https://koha.lib.tpu.ru/cgi-bin/koha/opac-detail.pl?biblionumber=3855

MARC

LEADER 00000nam0a2200000 4500
001 3855
005 20231030174759.0
010 |a 5060027694 
035 |a (RuTPU)RU\TPU\book\3877 
035 |a BOOK00003887 
090 |a 3855 
100 |a 20011209d1997 m y0rusy50 ca 
101 0 |a rus 
102 |a RU 
105 |a a j 000zy 
200 1 |a Построение и чтение машиностроительных чертежей  |e учебник  |f Н. А. Бабулин 
205 |a 9-е изд., перераб. 
210 |a Москва  |c Высшая школа  |d 1997 
215 |a 367 с.  |c ил. 
610 1 |a машиностроительные чертежи 
610 1 |a построение 
610 1 |a чтение 
610 1 |a учебные пособия 
675 |a 744:621(075)  |v 3 
700 1 |a Бабулин  |b Н. А.  |g Николай Алексеевич 
801 0 |a RU  |b 63413507  |c 20011209  |g PSBO 
801 2 |a RU  |b 63413507  |c 20170324  |g PSBO 
942 |c BK